000 00417nam a22001817a 4500
003 MPLRDC
005 20220104150553.0
008 210129b ||||| |||| 00| 0 eng d
020 _a957-9276-61-6
082 _a848.2 LY-35
100 _a刘墉著
245 _a靠自己去成功
_c
250 _a初版
260 _a
_b水云斋
_c2003
300 _b
650 _a现代别集
942 _cBK
_o848.2 LY-35
999 _c51935
_d51925